Central Library OPAC University of Rajshahi

Great men of the East / (Record no. 25777)

MARC details
000 -LEADER
fixed length control field 00621nam a22002177a 4500
001 - CONTROL NUMBER
control field 25777
003 - CONTROL NUMBER IDENTIFIER
rucl marc code BD-RjUL
005 - DATE AND TIME OF LATEST TRANSACTION
control field 20211209050927.0
008 - FIXED-LENGTH DATA ELEMENTS--GENERAL INFORMATION
fixed length control field 140319r19631958enkab 000 1 eng d
035 ## - SYSTEM CONTROL NUMBER
System control number (BD-RjUL)25847
040 ## - CATALOGING SOURCE
Original cataloging agency BD-RjUL
Language of cataloging eng
Transcribing agency BD-RjUL
041 ## - LANGUAGE CODE
Language code of text/sound track or separate title eng
082 ## - DEWEY DECIMAL CLASSIFICATION NUMBER
Classification number 920
Author mark and year NEG 1963
100 1# - MAIN ENTRY--PERSONAL NAME
Personal name Neilson, J. B.
9 (RLIN) 79183
245 ## - TITLE STATEMENT
Title Great men of the East /
Statement of responsibility, etc. by J.B. Neilson.
260 ## - PUBLICATION, DISTRIBUTION, ETC. (IMPRINT)
Place of publication, distribution, etc. London :
Name of publisher, distributor, etc. Longman,
Date of publication, distribution, etc. c1958 [Impression 1963].
300 ## - PHYSICAL DESCRIPTION
Pagination x, 130 p. :
Illustrations ill., ports., maps ;
Size 19 cm.
490 1# - SERIES STATEMENT
Series statement Great men and great events
Volume/sequential designation bk. 1
650 #0 - SUBJECT ADDED ENTRY--TOPICAL TERM
Topical term or geographic name as entry element Biography.
9 (RLIN) 79184
942 ## - ADDED ENTRY ELEMENTS (KOHA)
Source of classification or shelving scheme Dewey Decimal Classification
Koha item type Books
Holdings
Lost status Source of classification or shelving scheme Damaged status Not for loan Collection code Permanent Location Current Location Shelving location Date acquired Source of acquisition Total Checkouts Full call number Date last seen Copy number Koha item type
  Dewey Decimal Classification   Added to bundle Fiction Central Library, University of Rajshahi Central Library, University of Rajshahi Reading Room 25/11/1968 Zetlinger   920 NEG 1963 19/03/2014 C-1 Books